Ideas económicas mínimas / (Registro nro. 5305)

Detalles MARC
000 -LEADER
fixed length control field 00839nam a2200253Ia 4500
003 - CONTROL NUMBER IDENTIFIER
control field OSt
005 - DATE AND TIME OF LATEST TRANSACTION
control field 20200515224539.0
008 - FIXED-LENGTH DATA ELEMENTS--GENERAL INFORMATION
fixed length control field 191128s1993 ck a gr 000 0 spa d
020 ## - INTERNATIONAL STANDARD BOOK NUMBER
International Standard Book Number 9589074197
040 ## - CATALOGING SOURCE
Original cataloging agency CO-JMCR
Transcribing agency CO-JMCR
041 0# - LANGUAGE CODE
Language code of text/sound track or separate title spa
082 04 - DEWEY DECIMAL CLASSIFICATION NUMBER
Classification number 330 /
Item number C346i
Edition number 23
100 1# - MAIN ENTRY--PERSONAL NAME
Personal name Castaño Tamayo, Ramón Abel,
Relator term autor
9 (RLIN) 4445
245 10 - TITLE STATEMENT
Title Ideas económicas mínimas /
Statement of responsibility, etc. Ramón Abel Castaño Tamayo
250 ## - EDITION STATEMENT
Edition statement Decimoquinta edición
260 ## - PUBLICATION, DISTRIBUTION, ETC.
Place of publication, distribution, etc. Bogotá :
Name of publisher, distributor, etc. Ecoe,
Date of publication, distribution, etc. 1993
300 ## - PHYSICAL DESCRIPTION
Extent 257 páginas :
Other physical details ilustraciones a blanco y negro ;
Dimensions 24 cm.
490 0# - SERIES STATEMENT
Series statement Economía y finanzas
504 ## - BIBLIOGRAPHY, ETC. NOTE
Bibliography, etc. note Bibliográfia: páginas 253-257
505 0# - FORMATTED CONTENTS NOTE
Formatted contents note Nociones de estructura económica -- Las leyes del mercado -- El sistema económico
650 14 - SUBJECT ADDED ENTRY--TOPICAL TERM
Topical term or geographic name entry element Economía
9 (RLIN) 4446
650 14 - SUBJECT ADDED ENTRY--TOPICAL TERM
Topical term or geographic name entry element Historia económica
9 (RLIN) 2303
942 ## - ADDED ENTRY ELEMENTS (KOHA)
Source of classification or shelving scheme Dewey Decimal Classification
Koha item type Books
Existencias
Withdrawn status Lost status Source of classification or shelving scheme Damaged status Not for loan Collection code Home library Current library Date acquired Source of acquisition Cost, normal purchase price Total Checkouts Full call number Barcode Date last seen Copy number Koha item type
    Dewey Decimal Classification     Non-fiction Biblioteca Pública José María del Castillo y Rada Biblioteca Pública José María del Castillo y Rada 04/15/2018 Donación 0.00   330 / C346i 430001689 05/16/2024 Ej.1 Books